Kształty państw na mapie świata #1 - Statystyki

Ogólne statystyki
  • Ten quiz został rozwiązany 19 768 razy
  • Średni wynik to 17 z 20
Odpowiedzi na mapie
Odpowiedzi zakodowano w zielono-czerwonej skali na mapie do tego quizu, zgodnie z poniższymi procentami.
 
Statystyki odpowiedzi
Państwo % Poprawnych
Polska
99%
Meksyk
98%
Szwecja
98%
Rumunia
96%
Mongolia
95%
Szwajcaria
95%
Nowa Zelandia
92%
Kuba
89%
Urugwaj
89%
Wenezuela
88%
Paragwaj
86%
Oman
85%
Papua-Nowa Gwinea
82%
Tajlandia
82%
Afganistan
79%
Azerbejdżan
78%
Etiopia
78%
Czad
77%
Angola
71%
Mauretania
67%
Nie znaleziono quizów pasujących do podanych kryteriów
Rozkład punktacji
Procent ludzi z każdym wynikiem
Percentyl według liczby udzielonych odpowiedzi
Twoja historia wyników
Nie rozwiązałeś tego quizu